| LEADER |
01544nam0a2200217 450 |
| 001 |
16846451 |
| 010 |
|
|
|a 978-2-4150-0519-1
|b br.
|d 22,9
|
| 100 |
|
|
|a 20250324d2026 u u0frey01 ba
|
| 101 |
0 |
|
|a fre
|
| 102 |
|
|
|a FR
|
| 200 |
0 |
|
|a Quand on tombe amoureux, on se relève attaché
|f Boris Cyrulnik
|
| 207 |
|
1 |
|a
|
| 210 |
|
|
|a Paris
|c Odile Jacob
|d DL 2025
|
| 215 |
|
|
|a 1 vol. (289 p.)
|c couv. ill. en coul.
|d 22 cm
|
| 330 |
|
|
|a « L'amour ne frappe pas au hasard. Ce merveilleux moment ne touche que ceux qui y sont disposés. Toute notre vie, on peut réveiller l'empreinte amoureuse que l'on croyait engourdie. Ceux qui ont bénéficié d'un attachement sécurisé sont les plus faciles à aimer, mais certains se sentent plus à l'aise avec un attachement apaisé et moins fiévreux que l'amour intense, parfois source d'angoisse. Ceux qui, dans leur enfance, ont connu un désert affectif ont tendance à croire qu'ils ne sont pas aimables puisqu'ils n'ont jamais été aimés ; quand on les aime, ils pensent qu'ils ne le méritent pas et qu'on va à nouveau les abandonner. Il est alors difficile de tisser un lien d'attachement. L'amour fait parfois peur et l'attachement parfois emprisonne. Faudra-t-il inventer de nouvelles cours d'amour pour retrouver le plaisir d'aimer ? » B.C.
|
| 610 |
0 |
|
|a Amour
|
| 676 |
|
|
|a 152
|
| 700 |
|
0 |
|a Cyrulnik
|b Boris
|c neuropsychiatre
|f 1937-....
|4 70
|
| 900 |
|
|
|a Documentaire
|
| 901 |
|
|
|a Accessible au prêt
|
| 995 |
|
|
|a Bibliothèque
|c Bibliothèque
|f 024025329
|h 024025329
|k 152 CYR
|o p
|q a
|r az
|e Bibliothèque
|